12-Letter Words Quiz - Statistics

General Stats
  • This quiz has been taken 65 times
  • The average score is 11 of 26
Answer Stats
Clue Word % Correct
F Chemical process used to make beer and wine. Fermentation
86%
R Household appliance which preserves food. Refrigerator
79%
B A list of the books written by a particular author. Bibliography
75%
A The rate at which velocity changes over time. Acceleration
68%
D The appartion or double of an existing person. Doppelganger
68%
K Tube containing mirrors and glass which produces colourful patterns. Kaleidoscope
66%
P A medical practitioner specializing in children. Pediatrician
64%
O The absolute destruction of an object. Obliteration
57%
W Carts used by gardeners, farmers and builders to carry loads. Wheelbarrows
52%
T One who persuades others to purchase a company's products over the phone. Telemarketer
50%
Q Doubtful in terms of the validity of something. Questionable
48%
Y The vitality characteristic of young people. Youthfulness
46%
N The act of giving notice about a topic, physically or digitally. Notification
41%
J The official power to make legal decisions. Jurisdiction
39%
H Drugs that alter a person's perspectives and thoughts. Hallucinogens
38%
G Percussion metallophone instrument similar to xylophone. Glockenspiel
36%
M Person fluent in only one language. Monolinguist
36%
V Preventions of a particular disease with the use of inactive cells. Vaccinations
34%
C The various results of a set of causes. Consequences
32%
Z Fictitious term for describing insanely rich people. Zillionaires
29%
L The activity of compiling dictionaries. Lexicography
23%
I Social disparities, racial segregation is an example. Inequalities
21%
S Person showing a lack of respect for a sacred person. Sacrilegious
18%
U Too expensive for the average consumer. Unaffordable
18%
E Exciting, thrilling, elating. Exhilarating
16%
X An abnormal dryness of the skin. Xerodermatic
0%
No matching quizzes found
Score Distribution
Percent of People with Each Score
Percentile by Number Answered
Your Score History
You have not taken this quiz